Új lehetőségek a turisztikai technikusi szakképzésben

Bibliográfiai részletek
Szerző: Péter Szilvia Julianna
További közreműködők: Popcsa Anna Mária
Dokumentumtípus: Diplomadolgozat
Kulcsszavak:21. század
idegenvezetés
képzési rendszer
mesterséges intelligencia
továbbképzés
Online Access:http://dolgozattar.uni-bge.hu/60035

MARC

LEADER 00000nta a2200000 i 4500
001 dolg60035
005 20260409145912.0
008 260409suuuu hu om 000 hun d
040 |a BGE Dolgozattár Repozitórium  |b hun 
041 |a hu 
100 1 |a Péter Szilvia Julianna 
245 1 0 |a Új lehetőségek a turisztikai technikusi szakképzésben  |c Péter Szilvia Julianna  |h [elektronikus dokumentum] 
520 3 |a Új lehetőségek a turisztikai technikusi szakképzésbenAz idegenvezetőképzés az elmúlt években több változáson ment át. A szakma nem teljesen ért egyet a jelenlegi oktatási rendszerrel, mert a fontosabb tárgyakra kevesebb idő jut, valamint a nyelvi képzés is csökkent. Az idegenvezető szakma jelenleg nincs megbecsülve. Az érdekképviseletek próbálnak összefogni és a Minisztérium felé továbbítani a szakami ajánlásokat a képzéssel kapcsolatosan. Valamint elérni, hogy csak engedéllyel rendelkező idegenvzetők dolgozzank a megfelelő bérezéssel.Remélhetőleg az idei évben erre lehetőség nyílik és sikerül megállapodni. 
695 |a 21. század 
695 |a idegenvezetés 
695 |a képzési rendszer 
695 |a mesterséges intelligencia 
695 |a továbbképzés 
700 1 |a Popcsa Anna Mária  |e ths 
856 4 0 |u http://dolgozattar.uni-bge.hu/60035/1/%C3%9Aj%20lehet%C5%91s%C3%A9gek%20a%20turisztikai%20technikusi%20szakk%C3%A9pz%C3%A9sben.pdf  |z Dokumentum-elérés 
856 4 0 |u http://dolgozattar.uni-bge.hu/60035/2/%C3%9Aj%20lehet%C5%91s%C3%A9gek%20a%20turisztikai%20technikusi%20szakk%C3%A9pz%C3%A9sben.pdf  |z Dokumentum-elérés 
856 4 0 |u http://dolgozattar.uni-bge.hu/60035/3/P%C3%A9ter%20SzJ.pdf  |z Dokumentum-elérés 
856 4 0 |u http://dolgozattar.uni-bge.hu/60035/4/Szakdolgozat_b%C3%ADr%C3%A1lat_P%C3%A9terSzilviaJulianna_Sz%C5%91keA.pdf  |z Dokumentum-elérés